National labour code 1981 (Record no. 36320)

MARC details
000 -LEADER
fixed length control field 00411nam a2200169Ia 4500
082 ## - DEWEY DECIMAL CLASSIFICATION NUMBER
Classification number 34:331
Item number JAI
100 ## - MAIN ENTRY--AUTHOR NAME
Personal name JAIN, M G
245 #0 - TITLE STATEMENT
Title National labour code 1981
260 ## - PUBLICATION, DISTRIBUTION, ETC. (IMPRINT)
Place of publication Delhi
Name of publisher Delhi Law Inst
Year of publication 1981
650 ## - SUBJECT ADDED ENTRY--TOPICAL TERM
Topical Term Bonus act
650 ## - SUBJECT ADDED ENTRY--TOPICAL TERM
Topical Term Gratuity act
650 ## - SUBJECT ADDED ENTRY--TOPICAL TERM
Topical Term Labour code
650 ## - SUBJECT ADDED ENTRY--TOPICAL TERM
Topical Term Minimum wages act
700 ## - ADDED ENTRY--PERSONAL NAME
Personal name JAIN, S K
942 ## - ADDED ENTRY ELEMENTS (KOHA)
Koha item type Books
Holdings
Withdrawn status Lost status Damaged status Not for loan Home library Current library Date acquired Full call number Accession Number Koha item type
        RRII Library RRII Library 16/12/2021 34:331 JAI 16729 Books